| 000 | 00568nam a2200217 a 4500 | ||
|---|---|---|---|
| 001 | 4191495 | ||
| 005 | 20180111064730.0 | ||
| 008 | 811105s1981 nyua b 001 0 eng | ||
| 010 | _a 80054233 | ||
| 020 | _a0879011327 | ||
| 040 |
_aDLC _cDLC _dDLC |
||
| 041 | _aeng | ||
| 080 | _a581 RAV | ||
| 082 | 0 | 0 |
_a581 RAV _219 |
| 100 | 1 | _a11 | |
| 101 | _aBIO | ||
| 245 | 1 | 0 |
_aBiology of plants / _cPeter H. Raven, Ray F. Evert, Helena Curtis. |
| 504 | _aIncludes bibliographies and index. | ||
| 906 |
_a7 _bcbc _corignew _d2 _eocip _f19 _gy-gencatlg |
||
| 942 |
_2ddc _cBK |
||
| 999 |
_c40099 _d40099 |
||